000 00494 a2200181 4500
003 OSt
005 20240202131440.0
008 240202b |||||||| |||| 00| 0 eng d
020 _a978939301706509
040 _coclc
082 _a910
_bBEN/T
100 _aBenyamin
_96438
245 _aThe city with a dual face /
_cBenyamin
250 _a1st ed.
260 _aKozhikode:
_bOlive Publications,
_c2023.
300 _a128p.
942 _2ddc
_cBK
_h910
_iBEN/T
_k910
_mBEN/T
999 _c44257
_d44257